00548 2200193 4500001002100000005001500021008004100036020001800077035001900095041000700114082000800121090001400129100001800143245007600161260006000237300003000297500000600327650002100333INLIS00000000000229020241224112518241224||||||||| | ||| |||| || |  a979-038-058-5 0010-1224002290 aid0 a602 a602 AST d0 aAstri Lestari00a226 Asal - Usul Sejarah, Fakta - Fakta Unik, dan Perkembangan Teknologi atangerangbTalenta Media Utama (Dinar Media Grup)c2012 ax, 246 hlm.; ilus.; 19 cm a1 0aIlmu Pengetahuan